00493nam a2200193 a 4500001001300000003000900013005001700022008004100039020001000080082001500090100001700105245004000122260005100162300000900213500003500222505001300257650001200270700001700282nice12345678IN_TiNIC20260116012714.0050524s0000 luca grp 000 0 urd  ac10000a231.3bAKB aAkbar, Masih aUloohiyat Masih-O-Taslees Ki Tanqih aLucknowbMunshi Ganga Prasad Verma Pressc0000 a163p aincludes index and biblioraphy2 aAppendix aTrinity1 aAkbar, Masih